000 00934nam a2200277Ia 4500
001 Para_1466
003 CHAP
008 220125s2000 xx 000 0 und d
010 _a200213
040 _cCHAP
090 _aPA TESIS 1407
100 _aMartínez Rodríguez, Antelmo
_972460
245 _aEstrategias para el combate de virosis en tomate de cáscara (Physalis ixocarpa, Brot.), en Chapingo, México /
_c por Antelmo Martínez Rodríguez
260 _aChapingo, Méx. :
_b El autor
300 _a63 h.
502 _aTesis (Ing. Agr. Esp. en Parasitología Agrícola), UACh. Depto. Parasitología
650 _aTomate verde
_x enfermedades
_9113810
710 _aUACh. Departamento de Parasitología Agrícola
_9115877
901 _aPA TESIS 1407
902 _aA
905 _a0000002000 0000000000 00
910 _a2000
942 _cPARA
942 _cPARA
_d1
999 _c200213
_d200213